000 00245nam a22000977a 4500
008 240902b |||||||| |||| 00| 0 eng d
020 _a9788129103895
100 _aBond Ruskin
245 _aThe Rupa Book of Scary Stories
260 _aNew Delhi
_bRupa
999 _c12647
_d12647